One Piece: L'équipage des Rocks - Statistiques

Statistiques générales
  • Ce quiz a été pris 62 fois
  • Le résultat moyen est 10 sur 15
Statistiques - réponses
Réponse % Correct
Charlotte Linlin
100%
Kaido
100%
Rocks D. Xebec
100%
Edward Newgate
98%
Shiki
85%
Gloriosa
81%
John
81%
Buckingham Stussy
77%
Kyo Hâche d'argent
67%
Ochoku
50%
Streusen
46%
Don Marlone
38%
Barbell
25%
Ganzui
23%
Gill Bastard
19%
Aucun quiz correspondant
Distribution des résultats
% des personnes avec chaque résultat
Percentile par nombre de réponses
Votre historique - résultats
Vous n’avez pas pris ce quiz